• 首页
  • 本馆介绍
  • 公告通知
  • 最新文献
  • 馆藏检索
  • 电子资源
  • 读者导购
  • 参考咨询
  • 我的图书馆
  • 登录
  • 详细信息显示
  • 放入我的书架
  • 预约/预借图书
  • 作者相关作品
  • 分类相关作品
  • 丛书相关作品
  • 出版社相关作品

书目信息

  • 表格格式
  • 工作单格式
  • 卡片格式
题名:
从Paxos到Zookeeper
    
 
作者: 倪超 著
分册:  
出版信息: 北京   电子工业出版社  2015
页数: 14,422页
开本: 24cm
丛书名:
单 册:
中图分类: TP316.4 , TP316
科图分类:
主题词: 分布式操作系统--研究
电子资源:
ISBN: 978-7-121-24967-9
000 00816nam0 2200241 450
001 2369960611
005 20231128192813.89
010    @a978-7-121-24967-9@dCNY99.00
100    @a20151327d2015 em y0chiy0110 ea
101 0  @achi
102    @aCN@b110000
105    @aa z 000yy
200 1  @a从Paxos到Zookeeper@Acong Paxos dao Zookeeper@e分布式一致性原理与实践@f倪超著
210    @a北京@c电子工业出版社@d2015
215    @a14,422页@c图@d24cm
330    @a本书介绍几种典型的分布式一致性协议,以及解决分布式一致性问题的思路,其中重点讲解了Paxos和ZAB协议。
517 1  @a分布式一致性原理与实践@Afen bu shi yi zhi xing yuan li yu shi jian
606 0  @a分布式操作系统@x研究
690    @aTP316.4@v5
690    @aTP316@v4
701  0 @a倪超@Ani chao@4著
801  0 @aCN@b山东中教@c20231126
905    @aBZT@dTP316@e136
    
    从Paxos到Zookeeper:分布式一致性原理与实践/倪超著.-北京:电子工业出版社,2015
    14,422页:图;24cm
    
    
    ISBN 978-7-121-24967-9:CNY99.00
    本书介绍几种典型的分布式一致性协议,以及解决分布式一致性问题的思路,其中重点讲解了Paxos和ZAB协议。
●
相关链接 在五车中查询图书 在当当中查询图书 在豆瓣中查询图书


正题名:从Paxos到Zookeeper     索取号:TP316/136         预约/预借

序号 登录号 条形码 馆藏地/架位号 状态 备注
1 2001161194   2001161194   中教(第二批第二书库)/山东中教(第二批)/771/ [索取号:TP316/136] 在馆    
2 2001161195   2001161195   中教(第二批第二书库)/山东中教(第二批)/771/ [索取号:TP316/136] 在馆    
3 2001161196   2001161196   中教(第二批第二书库)/山东中教(第二批)/771/ [索取号:TP316/136] 在馆    
4 2001161197   2001161197   中教(第二批第二书库)/山东中教(第二批)/771/ [索取号:TP316/136] 在馆    
5 2001161198   2001161198   中教(第二批第二书库)/山东中教(第二批)/771/ [索取号:TP316/136] 在馆    
6 2001161199   2001161199   中教(第二批第二书库)/山东中教(第二批)/771/ [索取号:TP316/136] 在馆    
7 2001161200   2001161200   中教(第二批第二书库)/山东中教(第二批)/771/ [索取号:TP316/136] 在馆    
8 2001161201   2001161201   中教(第二批第二书库)/山东中教(第二批)/771/ [索取号:TP316/136] 在馆    
9 2001161202   2001161202   中教(第二批第二书库)/山东中教(第二批)/771/ [索取号:TP316/136] 在馆    
10 2001161203   2001161203   中教(第二批第二书库)/山东中教(第二批)/771/ [索取号:TP316/136] 在馆    
11 2001179994   2001179994   中教(第二批第二书库)/山东中教(第二批)/1787/ [索取号:TP316/136] 在馆    
12 2001179995   2001179995   中教(第二批第二书库)/山东中教(第二批)/1787/ [索取号:TP316/136] 在馆    
13 2001179996   2001179996   中教(第二批第二书库)/山东中教(第二批)/1787/ [索取号:TP316/136] 在馆    
14 2001179997   2001179997   中教(第二批第二书库)/山东中教(第二批)/1787/ [索取号:TP316/136] 在馆    
15 2001179998   2001179998   中教(第二批第二书库)/山东中教(第二批)/1787/ [索取号:TP316/136] 在馆    
16 2001179999   2001179999   中教(第二批第二书库)/山东中教(第二批)/1787/ [索取号:TP316/136] 在馆    
17 2001180000   2001180000   中教(第二批第二书库)/山东中教(第二批)/1787/ [索取号:TP316/136] 在馆    
18 2001180001   2001180001   中教(第二批第二书库)/山东中教(第二批)/1787/ [索取号:TP316/136] 在馆    
19 2001180002   2001180002   中教(第二批第二书库)/山东中教(第二批)/1787/ [索取号:TP316/136] 在馆    
20 2001180003   2001180003   中教(第二批第二书库)/山东中教(第二批)/1787/ [索取号:TP316/136] 在馆    
21 2001180004   2001180004   中教(第二批第二书库)/山东中教(第二批)/1787/ [索取号:TP316/136] 在馆    
22 2001180005   2001180005   中教(第二批第二书库)/山东中教(第二批)/1787/ [索取号:TP316/136] 在馆    
23 2001180006   2001180006   中教(第二批第二书库)/山东中教(第二批)/1787/ [索取号:TP316/136] 在馆    
24 2001180007   2001180007   中教(第二批第二书库)/山东中教(第二批)/1787/ [索取号:TP316/136] 在馆    
25 2001180008   2001180008   中教(第二批第二书库)/山东中教(第二批)/1787/ [索取号:TP316/136] 在馆    
26 2001180009   2001180009   中教(第二批第二书库)/山东中教(第二批)/1787/ [索取号:TP316/136] 在馆    
27 2001180010   2001180010   中教(第二批第二书库)/山东中教(第二批)/1787/ [索取号:TP316/136] 在馆    
28 2001180011   2001180011   中教(第二批第二书库)/山东中教(第二批)/1787/ [索取号:TP316/136] 在馆    
29 2001180012   2001180012   中教(第二批第二书库)/山东中教(第二批)/1787/ [索取号:TP316/136] 在馆    
30 2001180013   2001180013   中教(第二批第二书库)/山东中教(第二批)/1787/ [索取号:TP316/136] 在馆    
山东省滨州职业学院图书馆 欢迎您!
大连网信软件有限公司© 版权所有